The Efficacy of Legal and Regulatory Framework in the Extractive Industry in Kenya (Record no. 4194)

000 -LEADER
fixed length control field 00425nam a22001457a 4500
003 - CONTROL NUMBER IDENTIFIER
control field OSt
005 - DATE AND TIME OF LATEST TRANSACTION
control field 20190711132013.0
008 - FIXED-LENGTH DATA ELEMENTS--GENERAL INFORMATION
fixed length control field 190711b xxu||||| |||| 00| 0 eng d
050 ## - LIBRARY OF CONGRESS CALL NUMBER
Classification number HD9506.B672
100 ## - MAIN ENTRY--PERSONAL NAME
Personal name Maalim, B. Mohamed
245 ## - TITLE STATEMENT
Title The Efficacy of Legal and Regulatory Framework in the Extractive Industry in Kenya
Statement of responsibility, etc Mohamed Bakai Maalim
260 ## - PUBLICATION, DISTRIBUTION, ETC. (IMPRINT)
Place of publication, distribution, etc Nairobi
Date of publication, distribution, etc 2019
300 ## - PHYSICAL DESCRIPTION
Extent vii, 41p
Dimensions 26cm
942 ## - ADDED ENTRY ELEMENTS (KOHA)
Source of classification or shelving scheme
Koha item type Research Project
Holdings
Withdrawn status Lost status Source of classification or shelving scheme Damaged status Not for loan Home library Current library Shelving location Date acquired Total Checkouts Full call number Barcode Date last seen Price effective from Koha item type
          Riara University Library Riara University Library Special Collection 11/07/2019   RUSC HD9506.B672 M33 2019 10126/19 11/07/2019 11/07/2019 Research Project

Riara University Library,
P.O. Box 49940-00100,
Nairobi, Kenya.